[Event "XXXI Festival Conca della Presolana A"]
[Site "Bratto - Castione della Presolana ITA"]
[Date "2011.08.22"]
[Round "3"]
[White "Formento, Paolo"]
[Black "Altini, Nicola"]
[Result "1/2-1/2"]
[WhiteElo "2024"]
[BlackElo "2267"]
[PlyCount "124"]
[EventDate "2011.08.20"]

1. e4 c5 2. Nf3 g6 3. c3 Bg7 4. d4 cxd4 5. cxd4 d5 6. e5 Nc6 7. Qb3 Nh6 8. Bxh6
Bxh6 9. Nc3 O-O 10. Be2 Be6 11. h4 f6 12. Qxb7 Rc8 13. exf6 exf6 14. O-O Rf7
15. Qa6 Re7 16. a3 Na5 17. Rae1 Rc6 18. Qd3 Nc4 19. Qc2 Bf5 20. Qa4 Rc8 21.
Bxc4 dxc4 22. Rxe7 Qxe7 23. Re1 Qb7 24. Qb4 Qxb4 25. axb4 Kf7 26. Ra1 Ra8 27.
Nb5 a6 28. Nd6+ Ke6 29. Nxc4 Bd3 30. Re1+ Kf7 31. Nce5+ fxe5 32. Nxe5+ Ke6 33.
Nxd3+ Kd5 34. Nc5 Bd2 35. Ra1 Bxb4 36. Nxa6 Kxd4 37. Ra4 Ke5 38. Rxb4 Rxa6 39.
Kh2 Kf5 40. g4+ Kf6 41. Kg3 h6 42. Rb5 g5 43. hxg5+ hxg5 44. b4 Ra3+ 45. f3 Rb3
46. Rb6+ Kg7 47. b5 Rb2 48. Rb7+ Kg6 49. b6 Kh6 50. Rb8 Kg7 51. b7 Kh7 52. f4
Rb3+ 53. Kf2 gxf4 54. g5 Kg7 55. g6 Rb1 56. Kf3 Rf1+ 57. Kg4 Rb1 58. Kxf4 Rb2
59. Ke4 Rb1 60. Kd3 Rb2 61. Kc4 Rb1 62. Kc5 Rc1+ 1/2-1/2

[Event "XXXI Festival Conca della Presolana A"]
[Site "Bratto - Castione della Presolana ITA"]
[Date "2011.08.22"]
[Round "3"]
[White "Guerra, Alessandro"]
[Black "Podini, Francesco"]
[Result "1-0"]
[WhiteElo "2204"]
[BlackElo "2033"]
[PlyCount "81"]
[EventDate "2011.08.20"]

1. e4 c5 2. Nf3 e6 3. Nc3 a6 4. a4 Nc6 5. Bc4 d6 6. O-O Nf6 7. Re1 Be7 8. d4
cxd4 9. Nxd4 Qc7 10. Nxc6 bxc6 11. a5 O-O 12. Be3 c5 13. Bf4 Nd7 14. Re3 Ne5
15. Bxe5 dxe5 16. Qh5 Bf6 17. Rh3 h6 18. Rg3 Kh7 19. Nd1 Bb7 20. Qf3 Rad8 21.
Ne3 Rd4 22. c3 Bxe4 23. Qe2 Rd6 24. Ng4 Bf5 25. Nxf6+ gxf6 26. b4 cxb4 27. cxb4
Rfd8 28. Bxa6 Qa7 29. b5 Qd4 30. Rga3 Qb2 31. b6 Rd2 32. Qe1 Bc2 33. Be2 R8d4
34. a6 Qb4 35. Bf1 Be4 36. b7 Bxb7 37. axb7 Qxb7 38. Ra7 Qb2 39. R1a2 Qc3 40.
Rxd2 Rxd2 41. Rxf7+ 1-0

[Event "XXXI Festival Conca della Presolana A"]
[Site "Bratto - Castione della Presolana ITA"]
[Date "2011.08.22"]
[Round "3"]
[White "Iasman, Inna"]
[Black "Ricci, Marco"]
[Result "1/2-1/2"]
[WhiteElo "2014"]
[BlackElo "2074"]
[PlyCount "42"]
[EventDate "2011.08.20"]

1. d4 Nf6 2. c4 g6 3. Nc3 Bg7 4. e4 d6 5. Be2 O-O 6. Nf3 e5 7. Be3 Ng4 8. Bg5
f6 9. Bh4 Nc6 10. d5 Ne7 11. Nd2 Nh6 12. f3 g5 13. Bf2 Ng6 14. g3 Bh3 15. c5 f5
16. Bf1 Bxf1 17. Rxf1 fxe4 18. fxe4 Qd7 19. cxd6 cxd6 20. Qe2 Ng4 21. Bg1 Rxf1+
1/2-1/2

[Event "XXXI Festival Conca della Presolana A"]
[Site "Bratto - Castione della Presolana ITA"]
[Date "2011.08.22"]
[Round "3"]
[White "Indjic, Aleksandar"]
[Black "Brunello, Marina"]
[Result "1-0"]
[WhiteElo "2373"]
[BlackElo "2228"]
[PlyCount "97"]
[EventDate "2011.08.20"]

1. d4 Nf6 2. c4 e6 3. Nf3 c5 4. d5 d6 5. Nc3 exd5 6. cxd5 g6 7. h3 Bg7 8. Bf4
a6 9. a4 Qe7 10. e3 O-O 11. Nd2 Nbd7 12. Be2 Ne5 13. O-O Ne8 14. Bh2 f5 15. Qc2
Nf6 16. a5 Bd7 17. Rae1 Rae8 18. f4 Nf7 19. Nc4 Qd8 20. Qb3 Qc7 21. Bf3 Re7 22.
Kh1 Rfe8 23. Rg1 Qc8 24. Bg3 h6 25. Kh2 Kh7 26. Rgf1 Qc7 27. Be2 Bb5 28. Nxb5
axb5 29. Qxb5 Nxd5 30. Bf3 Nf6 31. Rd1 Ne4 32. Be1 Rd8 33. Nb6 Re6 34. Nd5 Qc6
35. Qc4 Qd7 36. Rb1 Rde8 37. b4 Nd8 38. b5 Qf7 39. a6 bxa6 40. bxa6 g5 41. Ba5
Qg6 42. Qe2 gxf4 43. Bxe4 Qg3+ 44. Kh1 Rxe4 45. Bxd8 Rxd8 46. Rb7 Kh8 47. a7
Ra4 48. Nxf4 Rg8 49. Qc2 1-0

[Event "XXXI Festival Conca della Presolana A"]
[Site "Bratto - Castione della Presolana ITA"]
[Date "2011.08.22"]
[Round "3"]
[White "Krzyzanowski, Marcin"]
[Black "Montani, Francesco"]
[Result "1/2-1/2"]
[WhiteElo "2370"]
[BlackElo "2218"]
[PlyCount "134"]
[EventDate "2011.08.20"]

1. e4 c5 2. Nf3 e6 3. c3 Nf6 4. e5 Nd5 5. d4 cxd4 6. cxd4 d6 7. a3 Nc6 8. Bd3
dxe5 9. dxe5 Be7 10. O-O O-O 11. Qe2 Qc7 12. Bd2 Bd7 13. Nc3 Nxc3 14. Bxc3 Rfd8
15. Qe4 g6 16. Qe3 Be8 17. Rac1 Bf8 18. Bb1 Bg7 19. Bb4 Qb6 20. Qxb6 axb6 21.
Bd6 Bf8 22. Bxf8 Kxf8 23. Rfe1 Ra5 24. Re3 Nd4 25. Ng5 h6 26. Nh7+ Ke7 27. b4
Raa8 28. Nf6 Bc6 29. h4 Rxa3 30. Rxa3 Ne2+ 31. Kh2 Nxc1 32. b5 Bxb5 33. Rc3 Nd3
34. Rc7+ Kf8 35. Bxd3 Bxd3 36. Rxb7 b5 37. f4 Kg7 38. g4 Rc8 39. g5 hxg5 40.
hxg5 Kf8 41. Kg3 Rd8 42. Kf2 Kg7 43. Ke1 Kf8 44. Rb6 Ke7 45. Rb7+ Kf8 46. Rc7
Kg7 47. Kf2 Kf8 48. Nd7+ Ke8 49. Nc5 Bf5 50. Nb7 Rd4 51. Nd6+ Kd8 52. Rb7 b4
53. Ke3 Rd3+ 54. Ke2 Rb3 55. Nxf7+ Ke8 56. Nd6+ Kf8 57. Rb8+ Ke7 58. Rb7+ Kd8
59. Nxf5 exf5 60. Kd2 Ke8 61. Rb6 Kf7 62. Rf6+ Kg7 63. e6 Rb2+ 64. Kd3 Rb1 65.
Rf7+ Kg8 66. Rb7 Re1 67. Rb8+ Kg7 1/2-1/2

[Event "XXXI Festival Conca della Presolana A"]
[Site "Bratto - Castione della Presolana ITA"]
[Date "2011.08.22"]
[Round "3"]
[White "Manca, Federico"]
[Black "De La Villa Garcia, Jesus Maria"]
[Result "1-0"]
[WhiteElo "2401"]
[BlackElo "2490"]
[PlyCount "57"]
[EventDate "2011.08.20"]

1. e4 e6 2. d4 d5 3. Nc3 Bb4 4. e5 c5 5. a3 Bxc3+ 6. bxc3 Ne7 7. Qg4 cxd4 8.
Bd3 Qa5 9. Rb1 O-O 10. Nf3 f5 11. exf6 Rxf6 12. Qh5 g6 13. Qh4 Rxf3 14. gxf3
Qxc3+ 15. Kd1 Nbc6 16. Qf6 Nf5 17. Rg1 Nce7 18. Bf4 Bd7 19. Be5 Rf8 20. Qh8+
Kf7 21. Qxh7+ Ke8 22. Rxb7 Kd8 23. Ke2 a6 24. Rgb1 Bb5 25. R1xb5 axb5 26. Rb8+
Nc8 27. Qb7 Qc5 28. Kf1 Qc3 29. Qb6+ 1-0

[Event "XXXI Festival Conca della Presolana A"]
[Site "Bratto - Castione della Presolana ITA"]
[Date "2011.08.22"]
[Round "3"]
[White "Melia, Salome"]
[Black "Ceccarini, Marco"]
[Result "1-0"]
[WhiteElo "2437"]
[BlackElo "2052"]
[PlyCount "49"]
[EventDate "2011.08.20"]

1. e4 e5 2. Bc4 Nf6 3. d4 Nc6 4. Nf3 exd4 5. O-O d6 6. Nxd4 Be7 7. Bb5 Bd7 8.
Bxc6 bxc6 9. Qf3 O-O 10. e5 Ng4 11. Nxc6 Nxe5 12. Nxe5 dxe5 13. Nc3 Bd6 14. Re1
Qh4 15. Re4 Qe7 16. Qh5 g6 17. Qh6 f5 18. Re1 Qe6 19. b3 f4 20. Ne4 Rf5 21. Qh3
Rd8 22. Qf3 Bf8 23. Bb2 Qf7 24. Rad1 Qe7 25. c4 {...} 1-0

[Event "XXXI Festival Conca della Presolana A"]
[Site "Bratto - Castione della Presolana ITA"]
[Date "2011.08.22"]
[Round "3"]
[White "Mikalsen, Erlend"]
[Black "Osuna Munoz, Xavier"]
[Result "1/2-1/2"]
[WhiteElo "2037"]
[BlackElo "2104"]
[PlyCount "113"]
[EventDate "2011.08.20"]

1. e4 e6 2. d4 d5 3. Nc3 Bb4 4. e5 b6 5. Qg4 Bf8 6. Bg5 Qd7 7. Bd3 Ba6 8. Bxa6
Nxa6 9. Qe2 Nb8 10. Rd1 h6 11. Bc1 Ne7 12. h4 c5 13. h5 cxd4 14. Nb5 Nec6 15.
Nxd4 Nxd4 16. Rxd4 Nc6 17. Rd1 Qc7 18. Nf3 Be7 19. Rh3 O-O-O 20. Rg3 Rhg8 21.
Kf1 Kb8 22. Nd4 Nxd4 23. Rxd4 f5 24. Rg6 Bc5 25. Ra4 Rge8 26. Qd3 Rd7 27. Qb5
Bf8 28. c3 Rdd8 29. Be3 Rc8 30. Bd4 Qc6 31. Qa6 Qb7 32. Qd3 Qc6 33. b3 Rc7 34.
f4 Bc5 35. Rg3 Bxd4 36. Rxd4 Rec8 37. c4 Qe8 38. Rg6 Qe7 39. g3 dxc4 40. bxc4
Qe8 41. Qf3 Qa4 42. a3 Re7 43. Qd3 Qc6 44. Kg1 Rcc7 45. Rd8+ Kb7 46. Rd6 Qxc4
47. Qxc4 Rxc4 48. Rgxe6 Rec7 49. Rd3 Rc1+ 50. Kg2 Re1 51. Re8 Rcc1 52. Re7+ Kc6
53. Rxg7 Rc2+ 54. Kf3 Rf1+ 55. Ke3 Re1+ 56. Kf3 Rf1+ 57. Ke3 1/2-1/2

[Event "XXXI Festival Conca della Presolana A"]
[Site "Bratto - Castione della Presolana ITA"]
[Date "2011.08.22"]
[Round "3"]
[White "O'Leary, Matt"]
[Black "Recuero Guerra, David"]
[Result "0-1"]
[WhiteElo "1953"]
[BlackElo "2441"]
[PlyCount "58"]
[EventDate "2011.08.20"]

1. d4 e6 2. e4 d5 3. e5 c5 4. Nf3 Nc6 5. c3 Qb6 6. Be2 Nh6 7. O-O cxd4 8. cxd4
Nf5 9. Qa4 Nfxd4 10. Nc3 Bd7 11. Nxd4 Nxd4 12. Qd1 Nxe2+ 13. Qxe2 d4 14. Ne4
Bb5 15. Qg4 Bxf1 16. Nd6+ Bxd6 17. Qxg7 O-O-O 18. exd6 Bxg2 19. d7+ Kb8 20.
Bf4+ Ka8 21. Qxg2 Rhg8 22. Bg3 Rxd7 23. Qe4 f5 24. Qe5 d3 25. Kf1 Qc6 26. Kg1
d2 27. Qe2 Qc1+ 28. Kg2 Qxa1 29. Qxe6 Rgd8 0-1

[Event "XXXI Festival Conca della Presolana A"]
[Site "Bratto - Castione della Presolana ITA"]
[Date "2011.08.22"]
[Round "3"]
[White "Panchanathan, Magesh Chandran"]
[Black "Sveshnikov, Vladimir"]
[Result "1/2-1/2"]
[WhiteElo "2556"]
[BlackElo "2407"]
[PlyCount "253"]
[EventDate "2011.08.20"]

1. c4 e6 2. g3 d5 3. Nf3 dxc4 4. Qa4+ Bd7 5. Qxc4 c5 6. Bg2 Nc6 7. O-O Nf6 8.
Rd1 b5 9. Qb3 c4 10. Qxb5 Nb4 11. Qe5 Nc2 12. b3 cxb3 13. axb3 Nxa1 14. Qxa1
Bc6 15. Ne5 Bxg2 16. Qa4+ Nd7 17. Kxg2 f6 18. Nf3 Rb8 19. d4 Qb6 20. Rd3 Bb4
21. Bd2 a5 22. Re3 Qd6 23. Rd3 Rb7 24. Bf4 Qd5 25. Nc3 Bxc3 26. Rxc3 O-O 27.
Qc4 g5 28. Qxd5 exd5 29. Bd6 Re8 30. h4 h6 31. e3 Kf7 32. Nd2 Re6 33. Ba3 Ra6
34. hxg5 hxg5 35. g4 Ke6 36. Rc8 Rb8 37. Rc7 a4 38. bxa4 Rxa4 39. Rc6+ Kf7 40.
Rc3 Rb7 41. Bd6 Nb6 42. Rb3 Ra2 43. Nf1 Raa7 44. Bg3 Nc4 45. Rc3 Ra4 46. Rc1
Rb2 47. Kf3 Rab4 48. Bh2 Rb1 49. Rxb1 Rxb1 50. Ng3 Nd2+ 51. Kg2 Rb2 52. Nf5 Ke6
53. Bg3 Ne4 54. Kf3 Kd7 55. Kg2 Ra2 56. Kf3 Ra7 57. Kg2 Kc6 58. Bh2 Ra2 59. Bg3
Kb5 60. Nd6+ Kb4 61. Nxe4 dxe4 62. Bd6+ Kc4 63. Be7 Ra6 64. Kg3 Kd5 65. Kg2 Ke6
66. Bc5 Ra1 67. Bb4 Rb1 68. Bc5 Rc1 69. Ba3 Rd1 70. Bc5 Rc1 71. Ba3 Rc7 72. Bb4
Kd5 73. Ba5 Rd7 74. Bb6 Kc4 75. Ba5 Kd3 76. Kf1 Rh7 77. Bd8 Rf7 78. Ba5 Rd7 79.
Bb6 Kc4 80. Bc5 Rb7 81. Bd6 Kd3 82. Bc5 Rb1+ 83. Kg2 Ke2 84. Bd6 Rb2 85. Bc7
Rb1 86. Bd6 Rf1 87. Bg3 Ra1 88. Bc7 Ke1 89. Kg1 Ra2 90. Bg3 Ra7 91. Kg2 Rh7 92.
Bd6 Ke2 93. Bb8 Rh4 94. Bg3 Rh7 95. Bd6 Rf7 96. Bh2 Rb7 97. Bg3 Rb5 98. Bh2 Rd5
99. Bc7 f5 100. gxf5 Rxf5 101. Bg3 Rb5 102. Be5 Rb1 103. Bd6 Rb7 104. Bg3 Rd7
105. Bh2 Rf7 106. Bg3 Rf5 107. Kg1 Kf3 108. Kf1 Ra5 109. Ke1 Ra1+ 110. Kd2 Ra3
111. Ke1 Rd3 112. Be5 Rb3 113. Bg3 Rb5 114. Kd2 Rb3 115. Ke1 Rd3 116. Be5 Ra3
117. Bg3 Ra5 118. Kd2 g4 119. Kc3 Ra2 120. d5 Rxf2 121. Bxf2 Kxf2 122. d6 g3
123. d7 g2 124. d8=Q g1=Q 125. Qf6+ Ke2 126. Qa6+ Kf3 127. Qf6+ 1/2-1/2

[Event "XXXI Festival Conca della Presolana A"]
[Site "Bratto - Castione della Presolana ITA"]
[Date "2011.08.22"]
[Round "3"]
[White "Pantaleoni, Claudio"]
[Black "Juhasz, Kristof"]
[Result "0-1"]
[WhiteElo "2166"]
[BlackElo "2334"]
[PlyCount "74"]
[EventDate "2011.08.20"]

1. c4 e6 2. d4 Nf6 3. Nc3 Bb4 4. e3 O-O 5. Bd3 d5 6. Nf3 c5 7. O-O cxd4 8. exd4
dxc4 9. Bxc4 b6 10. Qe2 Bb7 11. Rd1 Bxc3 12. bxc3 Nbd7 13. Bb3 Qc7 14. c4 Rfe8
15. Ne5 Nxe5 16. Qxe5 Qc6 17. f3 Ba6 18. Bg5 Nd7 19. Qe2 b5 20. cxb5 Bxb5 21.
Qe4 Nb6 22. Rac1 Qd7 23. Rc5 Ba4 24. Bd2 Bxb3 25. axb3 Nd5 26. Ra1 Reb8 27. Qc2
Rb7 28. Rca5 Nb4 29. Qe4 Nc6 30. Ra6 Qxd4+ 31. Qxd4 Nxd4 32. b4 Kf8 33. Be3 Nb5
34. Bc5+ Ke8 35. Kf2 g6 36. Ke3 Nc7 37. Ke4 Nxa6 0-1

[Event "XXXI Festival Conca della Presolana A"]
[Site "Bratto - Castione della Presolana ITA"]
[Date "2011.08.22"]
[Round "3"]
[White "Pedzich, Dominik"]
[Black "Janczarski, Michal"]
[Result "1/2-1/2"]
[WhiteElo "2418"]
[BlackElo "2316"]
[PlyCount "113"]
[EventDate "2011.08.20"]

1. e4 c5 2. Nf3 g6 3. d4 cxd4 4. Nxd4 Bg7 5. Nc3 Nc6 6. Be3 Nf6 7. Nb3 d6 8.
Be2 O-O 9. O-O Be6 10. f4 a5 11. a4 Qc8 12. Nd5 Nxe4 13. Nb6 Qc7 14. Nxa8 Rxa8
15. Bf3 f5 16. c3 Bc4 17. Re1 e5 18. Nd2 Nxd2 19. Qxd2 e4 20. Be2 Bf7 21. Bb5
d5 22. Rad1 Na7 23. Bf1 Nc8 24. Qf2 Nd6 25. Bd4 Bf8 26. Bb5 Nxb5 27. axb5 Qd7
28. b6 Qe6 29. Ra1 Be8 30. Ra2 Bb5 31. b3 a4 32. bxa4 Bc4 33. Raa1 Ra5 34. h3
Be7 35. Kh1 Qd7 36. Rg1 Bd3 37. Qe3 Kf7 38. Rgd1 Bc4 39. Rdb1 Bd6 40. Rb2 Qc8
41. Rf2 Be7 42. g4 Qd7 43. Rg2 Bd3 44. Rf2 Bc4 45. Rg1 Rxa4 46. gxf5 Qxf5 47.
Rg5 Bxg5 48. fxg5 Ra1+ 49. Kh2 Ra2 50. Rxa2 Bxa2 51. Qg3 Ke6 52. Qc7 Qf7 53.
Qe5+ Kd7 54. Qc7+ Ke6 55. Qc8+ Qd7 56. Qg8+ Qf7 57. Qc8+ 1/2-1/2

[Event "XXXI Festival Conca della Presolana A"]
[Site "Bratto - Castione della Presolana ITA"]
[Date "2011.08.22"]
[Round "3"]
[White "Sala, Giovanni"]
[Black "Radice, Luca"]
[Result "1/2-1/2"]
[WhiteElo "1967"]
[BlackElo "2021"]
[PlyCount "88"]
[EventDate "2011.08.20"]

1. c4 d6 2. g3 f5 3. Bg2 Nf6 4. Nc3 g6 5. d3 Bg7 6. e4 Nc6 7. Nge2 O-O 8. O-O
e5 9. Nd5 Bd7 10. f3 Nh5 11. b4 f4 12. b5 Ne7 13. Nxe7+ Qxe7 14. g4 Nf6 15. a4
Ne8 16. Nc3 h5 17. gxh5 Qh4 18. hxg6 Rf6 19. Qe1 Qg5 20. h4 Qxg6 21. Nd5 Rf7
22. Kh2 Kh8 23. Ra2 Bf6 24. Nxf6 Nxf6 25. Rg1 Nh5 26. Bh3 Ng3 27. Bxd7 Rxd7 28.
Rxg3 fxg3+ 29. Qxg3 Qxg3+ 30. Kxg3 a6 31. Ra3 Kh7 32. Rb3 axb5 33. axb5 Rg7+
34. Bg5 Ra2 35. f4 exf4+ 36. Kxf4 Kg6 37. Ke3 Rf7 38. Kd4 Ra8 39. Kd5 Re8 40.
Ra3 Re5+ 41. Kd4 Re8 42. Ra7 b6 43. Ke3 Ref8 44. Ra3 Re8 1/2-1/2

[Event "XXXI Festival Conca della Presolana A"]
[Site "Bratto - Castione della Presolana ITA"]
[Date "2011.08.22"]
[Round "3"]
[White "Salmoiraghi, Angelo"]
[Black "Rambaldi, Francesco"]
[Result "0-1"]
[WhiteElo "2152"]
[BlackElo "2206"]
[PlyCount "60"]
[EventDate "2011.08.20"]

1. d4 d6 2. Nf3 g6 3. g3 Bg7 4. c4 c5 5. d5 b5 6. Bg2 bxc4 7. O-O Nd7 8. Qa4
Ngf6 9. Nc3 O-O 10. Qxc4 Rb8 11. Re1 Qa5 12. Qh4 Nb6 13. Bd2 Qb4 14. e4 Nc4 15.
Bc1 Rb7 16. a3 Qb3 17. Rb1 Nxa3 18. Nd2 Qc2 19. Ra1 Nb5 20. e5 dxe5 21. d6 Nxd6
22. Bxb7 Bxb7 23. Rxa7 Qf5 24. Nd1 g5 25. Qa4 Nfe4 26. Nxe4 Bxe4 27. Nc3 Bf3
28. Qa6 c4 29. Nd1 Qh3 30. Ne3 Nf5 0-1

[Event "XXXI Festival Conca della Presolana A"]
[Site "Bratto - Castione della Presolana ITA"]
[Date "2011.08.22"]
[Round "3"]
[White "Sertic, Rudolf"]
[Black "Efroimski, Marsel"]
[Result "1/2-1/2"]
[WhiteElo "2406"]
[BlackElo "2235"]
[PlyCount "143"]
[EventDate "2011.08.20"]

1. Nf3 Nf6 2. c4 g6 3. Nc3 d5 4. cxd5 Nxd5 5. Qa4+ Nc6 6. Nxd5 Qxd5 7. e4 Qd6
8. Bb5 Bg7 9. d4 Bd7 10. Be3 Qb4+ 11. Qxb4 Nxb4 12. Bxd7+ Kxd7 13. Kd2 Rhd8 14.
a3 Nc6 15. Kc2 e5 16. d5 Ne7 17. Ng5 Ke8 18. Bc5 c6 19. dxc6 Rac8 20. Bxe7
Rxc6+ 21. Kb3 Rd3+ 22. Ka2 Kxe7 23. Nf3 Rc4 24. Rae1 Rc2 25. Rhf1 f6 26. Rc1
Re2 27. Rce1 Rc2 28. Kb1 Rc4 29. Re2 Bh6 30. Rfe1 Rd6 31. Rc2 Rdc6 32. Rxc4
Rxc4 33. b3 Rc3 34. Kb2 Rc6 35. h4 Ke6 36. h5 Bf8 37. hxg6 hxg6 38. b4 a5 39.
bxa5 Rc5 40. a6 bxa6 41. Nd2 Rb5+ 42. Ka2 Rc5 43. Rb1 Rc2+ 44. Rb2 Rc6 45. Nf3
Bd6 46. Nh4 Rc3 47. Rb3 Rc2+ 48. Rb2 Rxb2+ 49. Kxb2 Bc5 50. f4 exf4 51. Nxg6
Bd6 52. Kb3 f5 53. e5 Bxe5 54. Kb4 Bd6+ 55. Ka5 Kf6 56. Nh4 Bxa3 57. Nf3 Bb2
58. Kxa6 Ke6 59. Kb6 Kd6 60. Nh4 Ke5 61. Kc6 Ke4 62. Kd6 Bf6 63. Ng6 Bd8 64.
Ke6 Bg5 65. Ne5 Bd8 66. Ng6 Bg5 67. Ne5 Bh4 68. Ng6 Bg3 69. Ne7 Ke3 70. Kxf5
Kf2 71. Nd5 Kxg2 72. Nxf4+ 1/2-1/2

[Event "XXXI Festival Conca della Presolana A"]
[Site "Bratto - Castione della Presolana ITA"]
[Date "2011.08.22"]
[Round "3"]
[White "Smith, Bryan G."]
[Black "Getz, Nicolai"]
[Result "1-0"]
[WhiteElo "2503"]
[BlackElo "2385"]
[PlyCount "79"]
[EventDate "2011.08.20"]

1. e4 e6 2. d4 d5 3. Nc3 Nf6 4. e5 Nfd7 5. f4 c5 6. Nf3 Nc6 7. Be3 Qb6 8. Na4
Qa5+ 9. c3 cxd4 10. b4 Qc7 11. Nxd4 a6 12. Bd3 b5 13. Nc5 Nxc5 14. bxc5 Bd7 15.
O-O Bxc5 16. Kh1 Ne7 17. Qh5 Nf5 18. Bxf5 Bxd4 19. Bxd4 exf5 20. e6 Bxe6 21.
Bxg7 Rg8 22. Bd4 Kd7 23. Qxh7 Qc4 24. Rfe1 Kc6 25. Qh4 Rae8 26. Qf2 Bd7 27. Be5
Kb7 28. a4 d4 29. axb5 Bxb5 30. Reb1 Qc6 31. c4 Qxc4 32. Qf3+ Kb6 33. Rc1 Qd3
34. Qd5 Rxe5 35. Qd6+ Kb7 36. Rc7+ Ka8 37. Rxa6+ Bxa6 38. Qc6+ Kb8 39. Qb6+ Ka8
40. Ra7# 1-0

[Event "XXXI Festival Conca della Presolana A"]
[Site "Bratto - Castione della Presolana ITA"]
[Date "2011.08.22"]
[Round "3"]
[White "Stoppa, Omar"]
[Black "Vrhovnik, Damir"]
[Result "1-0"]
[WhiteElo "2286"]
[BlackElo "2082"]
[PlyCount "49"]
[EventDate "2011.08.20"]

1. e4 c5 2. b4 cxb4 3. a3 d5 4. exd5 Qxd5 5. Nf3 Bg4 6. axb4 Bxf3 7. Qxf3 Qxf3
8. gxf3 e6 9. b5 Nf6 10. Na3 Bc5 11. Nc4 Nbd7 12. Na5 Rb8 13. Nb3 Bb6 14. Ba3
Rc8 15. c4 e5 16. Bd6 Nh5 17. d4 exd4 18. Kd2 f5 19. Bd3 Kf7 20. Bxf5 Nhf6 21.
Rhe1 Rhe8 22. Rxe8 Rxe8 23. Bxd7 Nxd7 24. c5 Ke6 25. Re1+ 1-0

[Event "XXXI Festival Conca della Presolana A"]
[Site "Bratto - Castione della Presolana ITA"]
[Date "2011.08.22"]
[Round "3"]
[White "Valenti, Giuseppe"]
[Black "Ranieri, Fabrizio"]
[Result "1-0"]
[WhiteElo "2144"]
[BlackElo "2299"]
[PlyCount "119"]
[EventDate "2011.08.20"]

1. f4 e6 2. Nf3 d5 3. e3 Nf6 4. b3 Be7 5. Bb2 O-O 6. Be2 c5 7. O-O Nc6 8. Ne5
a5 9. a4 Nd7 10. Na3 f5 11. Kh1 Nf6 12. Nb5 Bd7 13. Qe1 Nb4 14. Rc1 Rc8 15. c3
Nc6 16. c4 Nb4 17. d3 Bxb5 18. cxb5 Nd7 19. g4 Nxe5 20. Bxe5 Bf6 21. gxf5 exf5
22. Bxf6 Qxf6 23. Qd2 d4 24. e4 fxe4 25. dxe4 Kh8 26. Bg4 Rc7 27. e5 Qg6 28.
Bf3 b6 29. Rce1 Qc2 30. Qxc2 Nxc2 31. Re4 Ne3 32. Rc1 Rcf7 33. e6 Re7 34. b4
axb4 35. a5 bxa5 36. Rxc5 g6 37. b6 b3 38. Rb5 a4 39. b7 Rb8 40. Rxd4 Rc7 41.
Kg1 a3 42. Rxb3 a2 43. Ra4 Rc1+ 44. Kf2 Nd1+ 45. Bxd1 a1=Q 46. Rxa1 Rxa1 47.
Bf3 Ra6 48. Re3 Rb6 49. e7 Re8 50. Rc3 Kg7 51. Rc8 Rxe7 52. b8=Q Rxb8 53. Rxb8
Kf6 54. Kg3 Ra7 55. Rb6+ Kg7 56. Rb7+ Rxb7 57. Bxb7 Kf6 58. Bc8 Kg7 59. h4 Kf6
60. Kg4 1-0

[Event "XXXI Festival Conca della Presolana A"]
[Site "Bratto - Castione della Presolana ITA"]
[Date "2011.08.23"]
[Round "4"]
[White "Angelini, Marco"]
[Black "O'Leary, Matt"]
[Result "1-0"]
[WhiteElo "2185"]
[BlackElo "1953"]
[PlyCount "115"]
[EventDate "2011.08.20"]

1. e4 c5 2. Nf3 Nc6 3. d4 cxd4 4. Nxd4 g6 5. c4 Bg7 6. Be3 Nf6 7. Nc3 d6 8. Be2
O-O 9. O-O Bd7 10. Rc1 a6 11. h3 Rc8 12. Qd2 Nxd4 13. Bxd4 Bc6 14. Qe3 e6 15.
Rfd1 Qe7 16. e5 dxe5 17. Bc5 Qe8 18. Bxf8 Qxf8 19. Qxe5 Qb4 20. Rc2 Ne4 21. Qf4
Bxc3 22. bxc3 Nxc3 23. Rdc1 Nxe2+ 24. Rxe2 Bd5 25. Qd2 Rxc4 26. Rxc4 Qxc4 27.
Qb2 Qc8 28. Rc2 Qd7 29. h4 h5 30. Qd4 Bc6 31. Qxd7 Bxd7 32. Rc7 Bc6 33. f3 Kg7
34. Kf2 Kf6 35. Ke3 Bd5 36. a4 e5 37. a5 Ke6 38. g4 Kd6 39. gxh5 gxh5 40. Rc8
f5 41. Rh8 f4+ 42. Ke2 Bf7 43. Rh7 Ke6 44. Rh6+ Kf5 45. Rh8 Kg6 46. Rd8 Bc4+
47. Kf2 Bb5 48. Rd6+ Kf5 49. Rh6 Be8 50. Rh7 e4 51. fxe4+ Kg4 52. Rg7+ Kxh4 53.
Kf3 Bc6 54. Kxf4 Kh3 55. e5 h4 56. Rh7 b5 57. axb6 a5 58. b7 1-0

[Event "XXXI Festival Conca della Presolana A"]
[Site "Bratto - Castione della Presolana ITA"]
[Date "2011.08.23"]
[Round "4"]
[White "Bellia, Fabrizio"]
[Black "Arvola, Benjamin"]
[Result "1-0"]
[WhiteElo "2424"]
[BlackElo "2207"]
[PlyCount "107"]
[EventDate "2011.08.20"]

1. e4 e5 2. Nf3 Nc6 3. Bc4 Nf6 4. d3 Be7 5. O-O O-O 6. Re1 d6 7. a4 Na5 8. Ba2
c5 9. c3 Nc6 10. h3 Be6 11. Nbd2 Bxa2 12. Rxa2 d5 13. Ra1 Re8 14. Qb3 Bf8 15.
exd5 Nxd5 16. Nc4 Qc7 17. Bd2 Rad8 18. a5 Kh8 19. Ng5 f6 20. Ne4 Qd7 21. Rad1
Rb8 22. Ncd6 Bxd6 23. Qxd5 Rbd8 24. Nxc5 Bxc5 25. Qxc5 Qxd3 26. Be3 Qxd1 27.
Rxd1 Rxd1+ 28. Kh2 a6 29. b4 Red8 30. Qc4 R8d5 31. Qg4 Rd7 32. Bd4 R7xd4 33.
cxd4 Rxd4 34. Qc8+ Nd8 35. f4 h6 36. fxe5 fxe5 37. Qc5 Nc6 38. b5 axb5 39. a6
bxa6 40. Qxc6 Ra4 41. Qe8+ Kh7 42. Qxe5 Kg8 43. g4 Kh7 44. Qf5+ Kh8 45. Kg3
Ra3+ 46. Kh4 b4 47. Kh5 Rc3 48. Qe6 Kh7 49. Qe4+ Kh8 50. Qe8+ Kh7 51. Qe4+ Kh8
52. Kg6 Rc8 53. Qb7 Rg8 54. h4 1-0

[Event "XXXI Festival Conca della Presolana A"]
[Site "Bratto - Castione della Presolana ITA"]
[Date "2011.08.23"]
[Round "4"]
[White "Bianchi, Andrea"]
[Black "De Florio, Federico"]
[Result "1-0"]
[WhiteElo "2142"]
[BlackElo "2176"]
[PlyCount "153"]
[EventDate "2011.08.20"]

1. e4 c6 2. d4 d5 3. Nd2 dxe4 4. Nxe4 Nd7 5. Bc4 Ngf6 6. Ng5 e6 7. Qe2 Nb6 8.
Bb3 h6 9. N5f3 c5 10. Bf4 Nfd5 11. Be5 c4 12. Bxc4 Bb4+ 13. Kf1 Nxc4 14. Qxc4
Bd7 15. Qb3 a5 16. c4 a4 17. Qd3 Nf6 18. Ne2 Bc6 19. Nc3 O-O 20. h3 Rc8 21. Nd2
Nd7 22. Bg3 Qa5 23. a3 Bxc3 24. bxc3 Qa6 25. Kg1 Bd5 26. Rb1 b6 27. Rb4 Rc6 28.
Qf1 Qc8 29. Kh2 Nf6 30. cxd5 Nxd5 31. Rxa4 Rxc3 32. Rc4 Qa8 33. Rxc3 Nxc3 34.
Bd6 Rd8 35. Bb4 Nd5 36. Nf3 Nf4 37. Qc4 Rc8 38. Qb5 Rc2 39. Rf1 Nd5 40. Ne1 Rc8
41. Nd3 Rc2 42. Bd6 Ne3 43. Rg1 Nf5 44. Bb4 Qd8 45. Qe5 Nxd4 46. Rc1 Re2 47.
Qd6 Qxd6+ 48. Bxd6 Rd2 49. Rc8+ Kh7 50. Ne5 Rxf2 51. Rb8 f6 52. Nd7 h5 53. h4
Nf5 54. Rxb6 Rd2 55. Nf8+ Kg8 56. Bb4 Rd4 57. Nxe6 Rxh4+ 58. Kg1 Rg4 59. Be1
Ne3 60. g3 h4 61. Rb4 Rxb4 62. axb4 hxg3 63. Bxg3 Kf7 64. Nd4 Ke7 65. Kf2 Nd5
66. b5 g5 67. Kf3 Kd7 68. Kg4 Nc3 69. b6 Kc8 70. Nf5 Kb7 71. Bf2 Nd5 72. Nd6+
Kb8 73. Nc4 Ne7 74. Na5 f5+ 75. Kxg5 f4 76. Bd4 Nc8 77. Be5+ 1-0

[Event "XXXI Festival Conca della Presolana A"]
[Site "Bratto - Castione della Presolana ITA"]
[Date "2011.08.23"]
[Round "4"]
[White "Bresciani, Nicola"]
[Black "Indjic, Aleksandar"]
[Result "1/2-1/2"]
[WhiteElo "2287"]
[BlackElo "2373"]
[PlyCount "64"]
[EventDate "2011.08.20"]

1. e4 c5 2. Nf3 d6 3. d4 cxd4 4. Nxd4 Nf6 5. Nc3 a6 6. Be2 e5 7. Nb3 Be7 8. Bg5
Nbd7 9. a4 b6 10. Bc4 Bb7 11. Qe2 O-O 12. O-O Qc7 13. Rfd1 Rfc8 14. Nd2 h6 15.
Bxf6 Nxf6 16. Bb3 Bc6 17. Nf1 Rab8 18. f3 b5 19. axb5 axb5 20. Ne3 Qb7 21. Ncd5
Nxd5 22. Nxd5 Bg5 23. Qf2 Ra8 24. g3 Bd8 25. Kg2 Bd7 26. Nb4 Rxa1 27. Rxa1 Bb6
28. Qd2 Rd8 29. c3 Be6 30. Bd5 Qc8 31. Nc6 Bh3+ 32. Kh1 Re8 1/2-1/2